Přeskočit na obsah

Технологии производства продукции растениеводства. Практикум по проведению учебной практики учебное пособие для спо

Учебное пособие разработано в соответствии с компетентностными требованиями ФГОС СПО и программой подготовки специалистов среднего звена по специальности «Агрономия». Пособие включает темы занятий, направленных на изучение организационно-хозяйственных основ получения продукции растениеводства. Дана...

Celý popis

Uloženo v:
Podrobná bibliografie
Hlavní autor: Наумова М. П.
Další autoři: Милехина Н. В.
Médium: Книга
Jazyk:Russian
Vydáno: Санкт-Петербург Лань 2024
Vydání:2-е изд., стер.
Témata:
On-line přístup:https://e.lanbook.com/book/366806
https://e.lanbook.com/img/cover/book/366806.jpg
Tagy: Přidat tag
Žádné tagy, Buďte první, kdo otaguje tento záznam!
LEADER 03434nam0a2200397 i 4500
001 366806
003 RuSpLAN
005 20240216150949.0
008 240216s2024 ru gs 000 0 rus
020 |a 978-5-507-48949-7 
040 |a RuSpLAN 
041 0 |a rus 
044 |a ru 
080 |a 633 
084 |a 41.4я723  |2 rubbk 
245 0 0 |a Технологии производства продукции растениеводства. Практикум по проведению учебной практики  |b учебное пособие для спо  |c Наумова М. П.,Милехина Н. В. 
250 |a 2-е изд., стер. 
260 |a Санкт-Петербург  |b Лань  |c 2024 
300 |a 208 с. 
504 |a Библиогр.: доступна в карточке книги, на сайте ЭБС Лань 
520 8 |a Учебное пособие разработано в соответствии с компетентностными требованиями ФГОС СПО и программой подготовки специалистов среднего звена по специальности «Агрономия». Пособие включает темы занятий, направленных на изучение организационно-хозяйственных основ получения продукции растениеводства. Дана методика составления технологической карты возделывания полевых культур. В доступной форме представлен материал по изучению подготовки посевного и посадочного материала, изложены особенности подготовки почвы под посев полевых культур, даны расчеты нормы высева семян зерновых культур и посадочного материала картофеля, правила установки сеялки на норму высева. Цель занятий — изучение в полевых условиях состояния посевов в различные фазы роста и развития, уход за посевами полевых культур. По всем темам представлены формы ведения записей. 
521 8 |a Книга из коллекции Лань - Ветеринария и сельское хозяйство 
653 0 |a технологии производства продукции растениеводства 
653 0 |a технология возделывания полевых культур 
653 0 |a оценка посевов 
653 0 |a уход за посевами 
653 0 |a уборка зерновых культур 
653 0 |a послеуборочная доработка зерна 
653 0 |a уборка картофеля 
653 0 |a закладка картофеля на хранение 
653 0 |a состояние посевов озимых зерновых культур 
100 1 |a Наумова М. П. 
700 1 |a Милехина Н. В. 
856 4 |u https://e.lanbook.com/book/366806 
856 4 8 |u https://e.lanbook.com/img/cover/book/366806.jpg 
953 |a https://e.lanbook.com/img/cover/book/366806.jpg 
Cannot write session to /tmp/vufind_sessions/sess_j0icet3244hckf54f2r1mitot7